The plug-in drug /

Bibliographic Details
Main Author: Winn, Marie
Format: Book
Language:English
Published: New York, N.Y. : Viking, 1985.
Edition:Rev. ed.
Subjects:

MARC

Tag First Indicator Second Indicator Subfields
LEADER 00000pam a2200000 a 4500
001 in00000554697
005 20151014052810.0
008 840803s1985 nyua b 00110 eng
010 |a  84040470  
020 |a 0670803782 :  |c $17.95 
035 |a (OCoLC)11186523 
035 |9 ACK0305AM 
039 0 |a 2  |b 3  |c 3  |d 3  |e 3 
040 |a DLC  |c DLC  |d TXA  |d UtOrBLW 
043 |a n-us--- 
049 |a TXAM  |c [A08977680] 
050 0 0 |a HQ784.T4  |b W494 1985 
082 0 |a 305.2/3  |2 19 
100 1 |a Winn, Marie. 
245 1 4 |a The plug-in drug /  |c Marie Winn. 
250 |a Rev. ed. 
264 1 |a New York, N.Y. :  |b Viking,  |c 1985. 
300 |a xiv, 288 pages :  |b illustrations ;  |c 21 cm. 
336 |a text  |b txt  |2 rdacontent 
337 |a unmediated  |b n  |2 rdamedia 
338 |a volume  |b nc  |2 rdacarrier 
504 |a Includes bibliographies and index. 
650 0 |a Television and children. 
650 0 |a Children's television programs  |z United States. 
999 |a MARS 
999 f f |s ffbfdc74-555e-3f7f-9649-d0ec2de238dc  |i 578e802a-aba1-3f44-909c-a38c76b4c87a  |t 0 
952 f f |p ric  |a Texas A&M University  |b Rellis Campus  |c Joint Library Facility  |d Remote Storage  |t 0  |e HQ784.T4 W494 1985  |h Library of Congress classification  |i unmediated -- volume  |m A14808977680 
998 f f |a HQ784.T4 W494 1985  |t 0  |l Remote Storage